000 00525nam a2200181Ia 4500
005 20250508151038.0
008 008 250505s9999 xx 000 0 eng d
037 _aTextual
040 _aFEDL
_beng
_cFEDL
041 _aeng
_2eng
084 _a371, RIC
_qFEDL
100 _aRichey Robert W
245 0 _aPlanning for teaching : An introduction to education
260 _aNew York, USA
_bMcGraw Hill Book Company Inc.
_c1952
300 _axiv,422p
942 _cTEXL
_h371, RIC
999 _c1327250
_d1327250